Statistiques concernant Trouver l'acteur 2 (films français)

Cliquez ici pour prendre le quiz!

Statistiques générales

  • Ce quiz a été pris 191 fois
  • Le résultat moyen est 9 sur 20

Statistiques - réponses

FilmPersonnageActeur% Correct
Cyrano de BergeracCyrano de BergeracGérard Depardieu
90%
CampingPatrick ChiracFranck Dubosc
88%
La Tour Montparnasse infernaleEricEric Judor
75%
Le CorniaudAntoine MaréchalBourvil
70%
Yves Saint LaurentYves Saint LaurentPierre Niney
70%
La Vérité si je mensSerge BenamouJosé Garcia
56%
Le Grand BainLaurentGuillaume Canet
53%
Manon des sourcesUgolinDaniel Auteuil
52%
Les petits mouchoirsMax CantaraFrançois Cluzet
50%
Les Garçons et Guillaume, à table !GuillaumeGuillaume Gallienne
50%
Un éléphant ça trompe énormémentEtienne DorsayJean Rochefort
49%
FantômasFantômasJean Marais
41%
La FrenchTany ZampaGilles Lellouche
38%
Touchez pas au grisbiMax le menteurJean Gabin
37%
Papa ou MamanVincent LeroyLaurent Laffite
32%
Les lyonnaisEdmond VidalGérard Lanvin
28%
La Loi du marchéThierryVincent Lindon
24%
Vive la FranceFeruzMichaël Youn
21%
Astérix et Obélix : Au service de Sa MajestéJules CésarFabrice Luchini
20%
L'ImmortelAurélio RampoliRichard Berry
4%

Distribution des résultats

Percentile par nombre de réponses

% des personnes avec chaque résultat

Votre développement - résultats

Vous n’avez pas pris ce quiz